000 01755nam a22004337a 4500
003 CHAP
005 20220329135919.0
008 971013s1985 mx r 10010 spa d
010 _a44011
011 _a44983
020 _a9688690356 c.9
035 _a49122
040 _cCHAP
082 _a632.0913
_bT3
111 0 0 _aTaller de Fitopatología Tropical (
_n1
_d: 1985
_c: México, D.F.)
_9111433
245 1 _aApuntes
260 _aMéxico, D.F. :
_bLa Sociedad,
_c1985
300 _a240 p.
590 _aBATCH-UPD
_b10
_c20130110
_lUCH01
_h1036
590 _aBATCH-UPD
_b10
_c20130410
_lUCH01
_h0637
590 _aBATCH-UPD
_b10
_c20130913
_lUCH01
_h2355
590 _aBATCH-UPD
_b10
_c20130914
_lUCH01
_h2042
590 _aCONVERSION
_b10
_c20130109
_lUCH01
_h1324
650 1 4 _aAgricultura
_xTrópicos.
_91888
650 1 4 _aCultivos tropicales.
_930383
650 1 4 _aFitopatología
_xTrópicos.
_941178
650 1 4 _aTrópicos
_xAgricultura.
_9115279
901 _aBK
942 _cLIBRO
949 _a632.0913 T3
_bBC
_cCONG
_d33724000176319
_eCONG
_fc.8
_h75523
_i49122
_si
949 _a632.0913 T3
_bBC
_cLIBRO
_d33724000176178
_eLIBRO
_fc.5
_h75520
_i49122
_si
949 _a632.0913 T3
_bBC
_cLIBRO
_d33724000176301
_eLIBRO
_fc.7
_h75522
_i49122
_si
949 _a632.0913 T3
_bBC
_cLIBRO
_d33724000176327
_eLIBRO
_fc.4
_h75519
_i49122
_sb
949 _a632.0913 T3
_bBC
_cLIBRO
_d33724000176335
_eLIBRO
_h69174
_i49122
_sb
949 _a632.0913 T3
_bBC
_cLIBRO
_d33724000678439
_eLIBRO
_fc.3
_gI.143111
_h74040
_i49122
_si
949 _a632.0913 T3
_bBC
_cLIBRO
_d33724000678975
_eLIBRO
_fc.6
_h75521
_i49122
_si
949 _a632.0913 T3
_bBC
_cLIBRO
_d33724002259181
_eLIBRO
_fc.9
_gDonaciØn
_h115014
_i49122
_sb
949 _a632.0913 T3
_bBC
_cLIBRO
_d33724002329132
_eLIBRO
_fc.2
_h69175
_i49122
_si
999 _c44011
_d44011